[Event "Barranquilla Carnaval Cup"]
[Site "Barranquilla"]
[Date "2024.02.03"]
[Round "2"]
[White "Reina Bonilla, Edwin Oswaldo"]
[Black "Narvaez Ramirez, Faber Alberto"]
[Result "0-1"]
[WhiteElo "1649"]
[BlackElo "2067"]
[PlyCount "66"]
[EventDate "2024.02.03"]
[EventType "swiss"]
[EventRounds "9"]
[EventCountry "COL"]
[SourceTitle "CB07_2024"]
[SourceDate "2024.02.14"]
[SourceVersion "1"]
[SourceVersionDate "2024.02.14"]
[SourceQuality "1"]

1. d4 Nf6 2. c4 e6 3. Nc3 Bb4 4. e3 b6 5. Bd3 Bb7 6. f3 c5 7. Nge2 0-0 8. 0-0 d5 9. a3 cxd4 10. exd4 Be7 11. Be3 Nc6 12. cxd5 Nxd5 13. Nxd5 Qxd5 14. Rc1 Rad8 15. Qc2 f5 16. Rfd1 Qd7 17. Bb5 Rc8 18. Qb3 Kh8 19. Nf4 Rf6 20. Nh5 Rff8 21. Nf4 Rf6 22. Nh5 Rf7 23. d5 exd5 24. Rxd5 Qe8 25. Rd7 Na5 26. Rdc7 Nxb3 27. Bxe8 Rxe8 28. R1c3 Bd5 29. Rd7 Be6 30. Rxa7 Bc5 31. Ra6 Rb7 32. Nf4 Bf7 33. Kf2 g5 0-1

[Event "COL-ch U1700"]
[Site "Pereira"]
[Date "2022.02.18"]
[Round "4"]
[White "Reina Bonilla, Edwin Oswaldo"]
[Black "Sanchez Aragon, Michael Alejandro"]
[Result "0-1"]
[WhiteElo "1652"]
[BlackElo "1387"]
[PlyCount "61"]
[EventDate "2022.02.16"]
[EventType "swiss"]
[EventRounds "9"]
[EventCountry "COL"]
[SourceTitle "CBM 207 Extra"]
[Source "ChessBase"]
[SourceDate "2022.05.31"]
[SourceVersion "1"]
[SourceVersionDate "2022.05.31"]
[SourceQuality "1"]

1. d4 e6 2. c4 d5 3. Nc3 Nf6 4. e3 c5 5. cxd5 Nxd5 6. Bd3 Nc6 7. Nge2 Nxc3 8. bxc3 cxd4 9. cxd4 Qa5+ 10. Bd2 Bb4 11. a3 Bxd2+ 12. Qxd2 Bd7 13. Nc3 0-0 14. 0-0 Rac8 15. Rfc1 Ne7 16. Qb2 Bc6 17. Ne4 Qd5 18. f3 e5 19. Rc5 Qd7 20. Rxe5 b6 21. Rg5 Nd5 22. Bc4 Kh8 23. Bxd5 Bxd5 24. Nc3 Bb7 25. Rd1 f6 26. Rh5 Qe8 27. Rh3 Qxe3+ 28. Kh1 Qxc3 29. Qe2 Qc2 30. Qf1 Ba6 31. Qg1 0-1

[Event "COL-ch"]
[Site "Bogota"]
[Date "2018.11.09"]
[Round "6"]
[White "Reyes Aristizabal, Andres"]
[Black "Reina Bonilla, Edwin Oswaldo"]
[Result "1-0"]
[WhiteElo "1661"]
[BlackElo "1719"]
[PlyCount "45"]
[EventDate "2018.11.06"]
[EventType "swiss"]
[EventRounds "9"]
[EventCountry "COL"]
[SourceTitle "CBM 187 Extra"]
[Source "ChessBase"]
[SourceDate "2018.11.04"]
[SourceVersion "1"]
[SourceVersionDate "2018.11.04"]
[SourceQuality "1"]

1. d4 d5 2. e3 Nf6 3. Bd3 e6 4. Nd2 Be7 5. f4 b6 6. Ngf3 c5 7. c3 Bb7 8. 0-0 0-0 9. Ne5 Nbd7 10. Qf3 Rc8 11. g4 a6 12. g5 Ne8 13. Bxh7+ Kxh7 14. Qh5+ Kg8 15. Rf3 Nef6 16. Qh4 Re8 17. Rh3 Kf8 18. Qh8+ Ng8 19. Rh7 Bf6 20. gxf6 Qxf6 21. Nxd7+ Ke7 22. Nxf6 Nxf6 23. Qxe8+ 1-0

[Event "COL-ch"]
[Site "Bogota"]
[Date "2018.11.07"]
[Round "2"]
[White "Reina Bonilla, Edwin Oswaldo"]
[Black "Otalora Pacheco, Carlos Eduardo"]
[Result "0-1"]
[WhiteElo "1719"]
[BlackElo "2169"]
[PlyCount "52"]
[EventDate "2018.11.06"]
[EventType "swiss"]
[EventRounds "9"]
[EventCountry "COL"]
[SourceTitle "CBM 187 Extra"]
[Source "ChessBase"]
[SourceDate "2018.11.04"]
[SourceVersion "1"]
[SourceVersionDate "2018.11.04"]
[SourceQuality "1"]

1. d4 Nf6 2. c4 e6 3. Nc3 d5 4. e3 Nbd7 5. Bd3 c6 6. a3 Bd6 7. Nge2 0-0 8. 0-0 Qe7 9. c5 Bc7 10. f4 a5 11. Bd2 Ne8 12. f5 e5 13. e4 exd4 14. Nxd4 Nxc5 15. f6 Nxf6 16. Bg5 Bxh2+ 17. Kh1 Be5 18. exd5 h6 19. Bxf6 Bxf6 20. Bc4 Ne4 21. Nxe4 Qxe4 22. Rxf6 Qh4+ 23. Kg1 Qxf6 24. Qd3 c5 25. Nb3 Qd6 26. Rf1 Bd7 0-1